000 00284nam a22001217a 4500
040 _cHS
082 _a633
100 _aគុយ ហួត
245 _aដំណាំចំណីសត្វ forage crops
260 _aRUA
_bគុយ ហួត
_c1997
300 _a51p.
942 _cKB
999 _c8741
_d8741